000 00384pab a2200157 454500
008 180718b1998 xxu||||| |||| 00| 0 eng d
100 _aSingh, Awadhesh Kumar
245 _aBio-mass energy resources in India
260 _c1998
300 _ap.43-51,55
362 _aAug
650 _aBiomass energy - India
650 _aBiomass energy
773 _aKurukshetra
909 _a38675
999 _c38675
_d38675